00259nam a22001097a 4500008004100000082001100041100001500052245003700067260002600104300000800130650001100138230930b |||||||| |||| 00| 0 eng d a105.32 aP. Coleman aWindow XP From ATO ZcP. Coleman bFire Wall Mediac2001 a248 aBB CSE